dBase III plus (Record no. 39738)

MARC details
000 -LEADER
fixed length control field 00324nam a2200133Ia 4500
082 ## - DEWEY DECIMAL CLASSIFICATION NUMBER
Classification number 681.14DBA
Item number STU
100 ## - MAIN ENTRY--AUTHOR NAME
Personal name Stultz, Russell A
245 #0 - TITLE STATEMENT
Title dBase III plus
260 ## - PUBLICATION, DISTRIBUTION, ETC. (IMPRINT)
Place of publication New Delhi
Name of publisher BPB
Year of publication 1987
650 ## - SUBJECT ADDED ENTRY--TOPICAL TERM
Topical Term Computer science
650 ## - SUBJECT ADDED ENTRY--TOPICAL TERM
Topical Term Dbase III plus
942 ## - ADDED ENTRY ELEMENTS (KOHA)
Koha item type Books
Holdings
Withdrawn status Lost status Damaged status Not for loan Home library Current library Date acquired Source of acquisition Full call number Accession Number Koha item type
        RRII Library RRII Library 16/12/2021 Cost Recovered 681.14DBA STU 20058 Books